[Event "Mittelfrank Regionalliga Sud-Ost 2223"]
[Site "Mittelfranken"]
[Date "2023.03.19"]
[Round "8.5"]
[White "Ponomarev, Maximilian"]
[Black "Schmid, Franz"]
[Result "1-0"]
[WhiteElo "1957"]
[BlackElo "2056"]
[PlyCount "47"]
[EventDate "2022.10.09"]
[EventType "team-tourn"]
[EventRounds "9"]
[EventCountry "GER"]
[SourceTitle "EXT 2024"]
[Source "ChessBase"]
[SourceDate "2023.10.10"]
[SourceVersion "1"]
[SourceVersionDate "2023.10.10"]
[SourceQuality "1"]
[WhiteTeam "Ergolding"]
[BlackTeam "Passau II"]
[WhiteTeamCountry "GER"]
[BlackTeamCountry "GER"]

1. e4 e5 2. Nf3 Nf6 3. Nxe5 d6 4. Nf3 Nxe4 5. c4 Be7 6. d4 0-0 7. Bd3 d5 8. Nc3 Nxc3 9. bxc3 dxc4 10. Bxc4 c5 11. 0-0 cxd4 12. cxd4 Bf6 13. Ba3 Re8 14. Qb3 Be6 15. Bxe6 Rxe6 16. Qxb7 Nc6 17. d5 Rb8 18. Qxb8 Nxb8 19. dxe6 Bxa1 20. e7 Qd7 21. Rxa1 f6 22. Re1 Qe8 23. Nd4 g6 24. Nb5 1-0

[Event "GER-chT U20"]
[Site "Muenster"]
[Date "2022.12.28"]
[Round "3"]
[White "Schulz, Jannis"]
[Black "Ponomarev, Maximilian"]
[Result "1-0"]
[WhiteElo "1731"]
[BlackElo "1917"]
[PlyCount "75"]
[EventDate "2022.12.26"]
[EventType "team-swiss"]
[EventRounds "7"]
[EventCountry "GER"]
[SourceTitle "CBM 212 Extra"]
[Source "ChessBase"]
[SourceDate "2023.03.31"]
[SourceVersion "1"]
[SourceVersionDate "2023.03.31"]
[SourceQuality "1"]
[WhiteTeam "Barnim Schachfreunde"]
[BlackTeam "Ergolding"]
[WhiteTeamCountry "GER"]
[BlackTeamCountry "GER"]

1. d4 Nf6 2. Nf3 d5 3. e3 e6 4. Bd3 b6 5. Nbd2 Bb7 6. Qe2 Bd6 7. e4 dxe4 8. Nxe4 Be7 9. c3 Nbd7 10. Bf4 h6 11. h3 0-0 12. g4 Nxe4 13. Bxe4 Bxe4 14. Qxe4 Nf6 15. Qe2 Nd5 16. Bd2 c5 17. dxc5 bxc5 18. c4 Nb4 19. Bxb4 cxb4 20. b3 Qb6 21. 0-0 Bf6 22. Rad1 a5 23. Ne5 Bxe5 24. Qxe5 a4 25. Rd6 Qb7 26. Qe3 axb3 27. axb3 Ra5 28. Rfd1 h5 29. Rd8 Qc7 30. Rxf8+ Kxf8 31. Qd2 Qb6 32. Kg2 hxg4 33. hxg4 Ke7 34. Qd7+ Kf6 35. Rd3 Ra7 36. Rf3+ Kg6 37. Qd3+ Kg5 38. Rf5+ 1-0

[Event "GER-chT U20"]
[Site "Muenster"]
[Date "2022.12.27"]
[Round "1"]
[White "Andrei, Quentin"]
[Black "Ponomarev, Maximilian"]
[Result "0-1"]
[WhiteElo "1262"]
[BlackElo "1917"]
[PlyCount "118"]
[EventDate "2022.12.26"]
[EventType "team-swiss"]
[EventRounds "7"]
[EventCountry "GER"]
[SourceTitle "CBM 212 Extra"]
[Source "ChessBase"]
[SourceDate "2023.03.31"]
[SourceVersion "1"]
[SourceVersionDate "2023.03.31"]
[SourceQuality "1"]
[WhiteTeam "Bebenhausen"]
[BlackTeam "Ergolding"]
[WhiteTeamCountry "GER"]
[BlackTeamCountry "GER"]

1. d4 Nf6 2. c4 e6 3. Nc3 Bb4 4. Qc2 b6 5. e4 Bb7 6. Bd3 Nc6 7. Nf3 e5 8. dxe5 Ng4 9. Bf4 Qe7 10. 0-0 Ngxe5 11. Nxe5 Nxe5 12. Nd5 Bxd5 13. exd5 Nxd3 14. Qxd3 0-0 15. Bxc7 d6 16. a3 Bc5 17. b4 Qxc7 18. bxc5 Qxc5 19. Rfe1 Rac8 20. Re4 Rfe8 21. Rae1 Rxe4 22. Rxe4 b5 23. cxb5 Qxd5 24. Qc2 Qf5 25. g4 Qd7 26. Qe2 Kf8 27. a4 h5 28. a5 hxg4 29. Rxg4 Rc5 30. Rh4 Re5 31. Re4 Qxb5 32. Rxe5 Qxe5 33. Qa6 Qc5 34. Kf1 g6 35. Qd3 Ke7 36. Qe4+ Kf8 37. Qd3 d5 38. a6 Qc4 39. Ke2 Ke7 40. Ke3 Kd6 41. Qxc4 dxc4 42. Kd4 Kc6 43. Kxc4 Kb6 44. Kd5 Kxa6 45. Kc6 Ka5 46. Kc5 Ka4 47. Kc4 a5 48. h4 f5 49. f4 Ka3 50. Kd5 Kb4 51. Ke5 a4 52. Kf6 a3 53. Kxg6 a2 54. Kxf5 a1Q 55. h5 Qg7 56. Ke6 Qh6+ 57. Ke5 Qxh5+ 58. f5 Qf7 59. f6 Kc5 0-1

[Event "Basel op 24th"]
[Site "Basel"]
[Date "2022.03.06"]
[Round "5"]
[White "Ponomarev, Maximilian"]
[Black "Stijve, Theo"]
[Result "0-1"]
[WhiteElo "1969"]
[BlackElo "2333"]
[PlyCount "66"]
[EventDate "2022.03.04"]
[EventType "swiss"]
[EventRounds "5"]
[EventCountry "SUI"]
[SourceTitle "EXT 2024"]
[Source "ChessBase"]
[SourceDate "2023.10.10"]
[SourceVersion "1"]
[SourceVersionDate "2023.10.10"]
[SourceQuality "1"]

1. e4 c5 2. Nf3 d6 3. d4 cxd4 4. Nxd4 Nf6 5. f3 e5 6. Nb3 d5 7. Bg5 Be6 8. exd5 Qxd5 9. Nc3 Bb4 10. Bxf6 Qxd1+ 11. Kxd1 gxf6 12. Ne4 Nd7 13. Bd3 Rg8 14. g3 f5 15. Ned2 Rd8 16. c3 Be7 17. Kc2 h5 18. Nc4 e4 19. fxe4 fxe4 20. Be2 h4 21. Rhg1 Rc8 22. Ncd2 Bf5 23. Raf1 Bg6 24. Kc1 h3 25. Re1 f5 26. Rgf1 a6 27. g4 f4 28. Bc4 Rxc4 29. Nxc4 Bh7 30. Rd1 e3 31. Nd4 b5 32. Na5 Rxg4 33. Ndc6 e2 0-1

[Event "Reinstorf op"]
[Site "Reinstorf"]
[Date "2022.02.06"]
[Round "9"]
[White "Eilenberg, Jonas"]
[Black "Ponomarev, Maximilian"]
[Result "1-0"]
[WhiteElo "2135"]
[BlackElo "2003"]
[PlyCount "53"]
[EventDate "2022.01.29"]
[EventType "swiss"]
[EventRounds "9"]
[EventCountry "GER"]
[SourceTitle "CBM 206 Extra"]
[Source "ChessBase"]
[SourceDate "2022.03.31"]
[SourceVersion "1"]
[SourceVersionDate "2022.03.31"]
[SourceQuality "1"]

1. d4 Nf6 2. Nf3 d5 3. e3 c5 4. c3 Nc6 5. dxc5 a5 6. Bb5 Bd7 7. a4 e6 8. b4 axb4 9. Bxc6 Bxc6 10. cxb4 b6 11. Bb2 bxc5 12. b5 Bb7 13. 0-0 Bd6 14. Nbd2 0-0 15. Qc2 Qc7 16. Rfe1 c4 17. Qc3 Qe7 18. Qc2 Rfc8 19. Bc3 Qd7 20. Reb1 Rcb8 21. h3 Ne8 22. Rd1 Nc7 23. Ng5 f5 24. Ngf3 Qe7 25. Ne5 Bb4 26. Ndf3 Ra5 27. Nd4 1-0

[Event "Reinstorf op"]
[Site "Reinstorf"]
[Date "2022.02.03"]
[Round "6"]
[White "Ponomarev, Maximilian"]
[Black "Buchinger, Alexis"]
[Result "1-0"]
[WhiteElo "2003"]
[BlackElo "1509"]
[PlyCount "63"]
[EventDate "2022.01.29"]
[EventType "swiss"]
[EventRounds "9"]
[EventCountry "GER"]
[SourceTitle "CBM 206 Extra"]
[Source "ChessBase"]
[SourceDate "2022.03.31"]
[SourceVersion "1"]
[SourceVersionDate "2022.03.31"]
[SourceQuality "1"]

1. e4 d5 2. exd5 Qxd5 3. Nf3 Nf6 4. d4 Bg4 5. Be2 Nc6 6. h3 Bxf3 7. Bxf3 Qe6+ 8. Be2 Qe4 9. 0-0 Qxd4 10. Bd3 0-0-0 11. Qe2 Qe5 12. Qf3 Nb4 13. Nc3 Nxd3 14. cxd3 Nd5 15. Qxf7 Qf6 16. Qh5 Nxc3 17. bxc3 Rxd3 18. Be3 a6 19. Rad1 Rxd1 20. Rxd1 Qg6 21. Qc5 e5 22. Qa7 Bd6 23. Qa8+ Kd7 24. Qxh8 e4 25. Qg8 Qh5 26. Qxg7+ Kc6 27. Qd4 b5 28. Qxe4+ Kd7 29. Qg4+ Qxg4 30. hxg4 Kc6 31. Kf1 a5 32. Ke2 1-0

[Event "Reinstorf op"]
[Site "Reinstorf"]
[Date "2022.02.01"]
[Round "4"]
[White "Ponomarev, Maximilian"]
[Black "Wetterling, Manfred"]
[Result "1-0"]
[WhiteElo "2003"]
[BlackElo "1619"]
[PlyCount "57"]
[EventDate "2022.01.29"]
[EventType "swiss"]
[EventRounds "9"]
[EventCountry "GER"]
[SourceTitle "CBM 206 Extra"]
[Source "ChessBase"]
[SourceDate "2022.03.31"]
[SourceVersion "1"]
[SourceVersionDate "2022.03.31"]
[SourceQuality "1"]

1. e4 c5 2. Nf3 e6 3. d4 cxd4 4. Nxd4 Nf6 5. Nc3 Nc6 6. Ndb5 Bb4 7. a3 Bxc3+ 8. Nxc3 d5 9. exd5 exd5 10. Bd3 d4 11. Ne2 0-0 12. 0-0 h6 13. h3 Be6 14. Bf4 Qb6 15. Qd2 Rfe8 16. Ng3 Bd5 17. Rfe1 Qxb2 18. Bxh6 Rxe1+ 19. Rxe1 Qc3 20. Rb1 Qxd2 21. Bxd2 b6 22. Bg5 Nd7 23. Re1 f6 24. Bc1 Nde5 25. Bb5 Kf7 26. f4 Nc4 27. Nf5 N4a5 28. Bd2 Nc4 29. Bxc4 1-0

[Event "Reinstorf op"]
[Site "Reinstorf"]
[Date "2022.01.31"]
[Round "3"]
[White "Semling, Johannes"]
[Black "Ponomarev, Maximilian"]
[Result "1-0"]
[WhiteElo "1765"]
[BlackElo "2003"]
[PlyCount "137"]
[EventDate "2022.01.29"]
[EventType "swiss"]
[EventRounds "9"]
[EventCountry "GER"]
[SourceTitle "CBM 206 Extra"]
[Source "ChessBase"]
[SourceDate "2022.03.31"]
[SourceVersion "1"]
[SourceVersionDate "2022.03.31"]
[SourceQuality "1"]

1. Nf3 c5 2. g3 Nc6 3. Bg2 g6 4. c4 Bg7 5. Nc3 e6 6. e4 Nge7 7. 0-0 0-0 8. d3 d5 9. Qb3 dxc4 10. dxc4 a6 11. Rd1 Qc7 12. Be3 b6 13. Ne2 Bb7 14. Nf4 Rfd8 15. h4 Na5 16. Qc2 Nec6 17. a3 Nd4 18. Bxd4 cxd4 19. Rac1 e5 20. Nd5 Qd6 21. b4 Bxd5 22. cxd5 Nb7 23. Qc6 Rab8 24. Bh3 a5 25. Qxd6 Nxd6 26. Nd2 Bh6 27. f3 Nb5 28. f4 exf4 29. Nf3 fxg3 30. Rc6 Nc3 31. Re1 Be3+ 32. Rxe3 dxe3 33. Rxc3 Re8 34. d6 axb4 35. axb4 Rbd8 36. d7 Rxd7 37. Bxd7 Rxe4 38. b5 e2 39. Rc1 Re3 40. Kg2 Rd3 41. Bc6 Rd1 42. Rc2 e1Q 43. Nxe1 Rxe1 44. Kxg3 Re5 45. Rd2 h5 46. Rd8+ Kg7 47. Rb8 Re3+ 48. Bf3 Re6 49. Rb7 Rd6 50. Bc6 Rd3+ 51. Kf4 Rd4+ 52. Ke5 Rxh4 53. Bd5 Rb4 54. Rxf7+ Kh6 55. Bc6 Rb1 56. Rb7 h4 57. Kf4 g5+ 58. Kg4 Rb4+ 59. Kh3 Rb3+ 60. Kg4 Rb4+ 61. Kf5 h3 62. Rxb6 Rf4+ 63. Ke5 h2 64. Be4+ Kg7 65. Rg6+ Kf7 66. Rh6 Rf2 67. b6 Rb2 68. b7 g4 69. Rh8 1-0

[Event "Reinstorf op"]
[Site "Reinstorf"]
[Date "2022.01.30"]
[Round "2"]
[White "Ponomarev, Maximilian"]
[Black "Pubantz, Jan"]
[Result "0-1"]
[WhiteElo "2003"]
[BlackElo "2286"]
[PlyCount "86"]
[EventDate "2022.01.29"]
[EventType "swiss"]
[EventRounds "9"]
[EventCountry "GER"]
[SourceTitle "CBM 206 Extra"]
[Source "ChessBase"]
[SourceDate "2022.03.31"]
[SourceVersion "1"]
[SourceVersionDate "2022.03.31"]
[SourceQuality "1"]

1. e4 c6 2. d4 d5 3. Nc3 dxe4 4. Nxe4 Bf5 5. Ng3 Bg6 6. Nh3 Nf6 7. Nf4 Nbd7 8. c3 Qc7 9. Bc4 e6 10. Qf3 Bd6 11. Be3 0-0 12. Nxg6 hxg6 13. h4 c5 14. Bb3 cxd4 15. Bxd4 Be5 16. 0-0-0 Rad8 17. Kb1 Bxd4 18. cxd4 Nb6 19. h5 g5 20. Ne4 Nxe4 21. Qxe4 Nd5 22. Rc1 Qf4 23. Qxf4 Nxf4 24. g3 Nd3 25. Rc2 Rxd4 26. f3 Rfd8 27. Rd1 b5 28. Rcd2 e5 29. Re2 Kf8 30. Bc2 f6 31. Re3 Nb4 32. Rxd4 Rxd4 33. Bb3 a5 34. a3 Nd5 35. Bxd5 Rxd5 36. Kc2 Ke7 37. Rc3 Kd6 38. b4 axb4 39. axb4 Rd4 40. Rc8 Ke6 41. Rc7 g4 42. f4 exf4 43. gxf4 Rc4+ 0-1

[Event "Bayern-chI Bank Hofmann 24th"]
[Site "Tegernsee"]
[Date "2021.10.31"]
[Round "2"]
[White "Richter, Nils"]
[Black "Ponomarev, Maximilian"]
[Result "1-0"]
[WhiteElo "2277"]
[BlackElo "1975"]
[PlyCount "43"]
[EventDate "2021.10.30"]
[EventType "swiss"]
[EventRounds "9"]
[EventCountry "GER"]
[SourceTitle "CBM 205 Extra"]
[Source "ChessBase"]
[SourceDate "2022.01.31"]
[SourceVersion "1"]
[SourceVersionDate "2022.01.31"]
[SourceQuality "1"]

1. c4 c5 2. Nf3 Nc6 3. e3 Nf6 4. Nc3 g6 5. d4 cxd4 6. exd4 d5 7. cxd5 Nxd5 8. Qb3 Nxc3 9. Bc4 e6 10. bxc3 Bg7 11. Ba3 Ne7 12. h4 h5 13. 0-0 0-0 14. Rfe1 Re8 15. Ng5 Nf5 16. d5 Nxh4 17. Nxf7 Kxf7 18. dxe6+ Kf6 19. Qb5 Qc7 20. Qxe8 Qxc4 21. Be7+ Kf5 22. Qf7+ 1-0

[Event "Innsbruck op 4th"]
[Site "Innsbruck"]
[Date "2020.08.23"]
[Round "2"]
[White "Ponomarev, Maximilian"]
[Black "Baenziger, Fabian"]
[Result "0-1"]
[WhiteElo "2011"]
[BlackElo "2397"]
[PlyCount "40"]
[EventDate "2020.08.22"]
[EventType "swiss"]
[EventRounds "9"]
[EventCountry "AUT"]
[SourceTitle "CBM 198 Extra"]
[Source "ChessBase"]
[SourceDate "2020.11.30"]
[SourceVersion "1"]
[SourceVersionDate "2020.11.30"]
[SourceQuality "1"]

1. e4 c5 2. Nf3 d6 3. d4 cxd4 4. Nxd4 Nf6 5. f3 e5 6. Nb3 Be6 7. c4 Nbd7 8. Be3 Rc8 9. N3d2 b5 10. Nc3 bxc4 11. Qa4 d5 12. exd5 Nxd5 13. Nxd5 Bxd5 14. Rc1 Bc5 15. Bxc5 Rxc5 16. Nxc4 0-0 17. Be2 e4 18. 0-0 exf3 19. Bxf3 Bxc4 20. Rxc4 Nb6 0-1

[Event "Bayernliga U20 1819"]
[Site "Bayern"]
[Date "2019.01.26"]
[Round "4.5"]
[White "Ponomarev, Maximilian"]
[Black "Dechant, Georg"]
[Result "1/2-1/2"]
[WhiteElo "1832"]
[BlackElo "2046"]
[PlyCount "73"]
[EventDate "2018.11.17"]
[EventType "team-tourn"]
[EventRounds "6"]
[EventCountry "GER"]
[SourceTitle "EXT 2022"]
[Source "ChessBase"]
[SourceDate "2021.10.06"]
[SourceVersion "1"]
[SourceVersionDate "2021.10.06"]
[SourceQuality "1"]
[WhiteTeam "Muenchen Suedost SK U20"]
[BlackTeam "Regensburg Bavaria U20"]
[WhiteTeamCountry "GER"]
[BlackTeamCountry "GER"]

1. e4 c5 2. Nf3 d6 3. d4 cxd4 4. Nxd4 Nf6 5. f3 a6 6. c4 e5 7. Nb3 Be6 8. Be3 Nbd7 9. Nc3 Rc8 10. Nd5 Bxd5 11. cxd5 h5 12. Qd2 g6 13. h4 Be7 14. Bd3 Nh7 15. g3 Nc5 16. Bc2 Rg8 17. Rd1 Nxb3 18. Bxb3 Qd7 19. Qb4 g5 20. Bb6 Rc5 21. Ba4 Rb5 22. Bxb5 axb5 23. Rc1 Kf8 24. Rc7 Qe8 25. hxg5 Nxg5 26. Kf2 Kg7 27. Rxh5 Rh8 28. Rxh8 Qxh8 29. Qe1 Bd8 30. Qf1 Bxc7 31. Bxc7 Qh6 32. Bd8 f6 33. Bc7 Nf7 34. Kg2 Qd2+ 35. Qf2 Qc1 36. Bb6 Qc4 37. b3 1/2-1/2

[Event "Innsbruck op-B 1st"]
[Site "Innsbruck"]
[Date "2017.08.26"]
[Round "2"]
[White "Wieser, Andreas"]
[Black "Ponomarev, Maximilian"]
[Result "1-0"]
[WhiteElo "1946"]
[BlackElo "1718"]
[PlyCount "97"]
[EventDate "2017.08.25"]
[EventType "swiss"]
[EventRounds "9"]
[EventCountry "AUT"]
[SourceTitle "CBM 180 Extra"]
[Source "ChessBase"]
[SourceDate "2017.10.06"]
[SourceVersion "1"]
[SourceVersionDate "2017.10.06"]
[SourceQuality "1"]

1. e4 c5 2. Nf3 e6 3. c3 d5 4. exd5 Qxd5 5. d4 Nc6 6. Na3 Nf6 7. Nb5 Qd8 8. Bg5 Be7 9. dxc5 0-0 10. Nd6 Nd7 11. Bxe7 Qxe7 12. b4 b6 13. b5 Nce5 14. Nxc8 Raxc8 15. c6 Nxf3+ 16. Qxf3 Ne5 17. Qe3 Ng4 18. Qd4 Qa3 19. Qb4 Qxb4 20. cxb4 Nf6 21. Be2 Nd5 22. a3 Rfd8 23. Rc1 Nf4 24. g3 Nd3+ 25. Bxd3 Rxd3 26. Ra1 Kf8 27. Ke2 Rd5 28. a4 Rd4 29. Rab1 Rc4 30. Kd3 Rg4 31. Kc3 Rg5 32. Rhd1 a6 33. Kc4 axb5+ 34. axb5 Rg4+ 35. f4 e5 36. Rd7 exf4 37. h3 Rxg3 38. c7 Re3 39. Kd5 Ke8 40. Kc6 Rxh3 41. Re1+ Re3 42. Rxe3+ fxe3 43. Rd3 Ke7 44. Rxe3+ Kf6 45. Kxb6 g5 46. Kb7 Rxc7+ 47. Kxc7 h5 48. b6 g4 49. b7 1-0

[Event "Innsbruck op-B 1st"]
[Site "Innsbruck"]
[Date "2017.08.25"]
[Round "1"]
[White "Ponomarev, Maximilian"]
[Black "Gall, Bernhard"]
[Result "1-0"]
[WhiteElo "1718"]
[BlackElo "1165"]
[PlyCount "40"]
[EventDate "2017.08.25"]
[EventType "swiss"]
[EventRounds "9"]
[EventCountry "AUT"]
[SourceTitle "CBM 180 Extra"]
[Source "ChessBase"]
[SourceDate "2017.10.06"]
[SourceVersion "1"]
[SourceVersionDate "2017.10.06"]
[SourceQuality "1"]

1. e4 d5 2. exd5 Nf6 3. Nf3 Nxd5 4. Be2 Nc6 5. 0-0 e6 6. d4 Bd6 7. c3 0-0 8. Bb5 Bd7 9. Nbd2 Re8 10. Nc4 e5 11. dxe5 Nxe5 12. Bxd7 Qxd7 13. Qxd5 c6 14. Qxd6 Nxf3+ 15. gxf3 Qf5 16. Ne3 Qg5+ 17. Qg3 Qxg3+ 18. fxg3 Rad8 19. Kf2 g6 20. b3 Rd3 1-0

[Event "Pfalz op-B 8th"]
[Site "Neustadt an der Weinstrasse"]
[Date "2017.02.24"]
[Round "1"]
[White "Ponomarev, Maximilian"]
[Black "Weigert, Matthias"]
[Result "1/2-1/2"]
[WhiteElo "1738"]
[BlackElo "1928"]
[PlyCount "100"]
[EventDate "2017.02.24"]
[EventType "swiss"]
[EventRounds "7"]
[EventCountry "GER"]
[SourceTitle "CBM 177 Extra"]
[Source "ChessBase"]
[SourceDate "2017.04.27"]
[SourceVersion "1"]
[SourceVersionDate "2017.04.27"]
[SourceQuality "1"]

1. e4 e5 2. Nf3 Nc6 3. Bb5 a6 4. Bxc6 dxc6 5. 0-0 Bg4 6. h3 Bxf3 7. Qxf3 Nf6 8. d3 Bc5 9. Qg3 Qd6 10. Nd2 Nh5 11. Qg5 Nf4 12. Nc4 Ne2+ 13. Kh1 Qf6 14. Qxe5+ Qxe5 15. Nxe5 Nxc1 16. Raxc1 f6 17. Nc4 0-0-0 18. f4 b5 19. Na5 Be3 20. Rce1 Bd2 21. Nxc6 Rd6 22. Ne7+ Kd7 23. Re2 Bxf4 24. Nf5 Be5 25. Nxd6 Kxd6 26. c3 h5 27. d4 Bg3 28. e5+ fxe5 29. dxe5+ Ke6 30. Kg1 Rd8 31. Re3 h4 32. Re2 Rd5 33. Rc1 c5 34. Kf1 Rd3 35. Re4 Rd2 36. Re2 Rd3 37. Rb1 c4 38. Rc1 g5 39. b3 Bf4 40. Rcc2 Bg3 41. Red2 Kxe5 42. Rxd3 cxd3 43. Rd2 Ke4 44. c4 bxc4 45. bxc4 Kd4 46. c5 Kc3 47. Rd1 Kc2 48. Ra1 Kb2 49. Rd1 Kc2 50. Ra1 Kb2 1/2-1/2

[Event "GER-ch U25-B"]
[Site "Willingen"]
[Date "2016.05.19"]
[Round "7"]
[White "Knerr, Sebastian"]
[Black "Ponomarev, Maximilian"]
[Result "1/2-1/2"]
[WhiteElo "1418"]
[BlackElo "1353"]
[PlyCount "89"]
[EventDate "2016.05.15"]
[EventType "swiss"]
[EventRounds "9"]
[EventCountry "GER"]
[SourceTitle "CBM 172 Extra"]
[Source "ChessBase"]
[SourceDate "2016.06.21"]
[SourceVersion "1"]
[SourceVersionDate "2016.06.21"]
[SourceQuality "1"]

1. e4 c5 2. c3 d5 3. exd5 Qxd5 4. d4 e6 5. Nf3 Nf6 6. Na3 a6 7. Nc2 Nc6 8. Be3 cxd4 9. Ncxd4 Nxd4 10. Bxd4 Be7 11. Bd3 Bd7 12. Qc2 h6 13. 0-0 0-0 14. Rfd1 Qc6 15. Ne5 Qc8 16. Nxd7 Nxd7 17. Rd2 Rd8 18. Re1 Qc7 19. Re3 e5 20. Re4 exd4 21. Rxe7 Re8 22. Rxe8+ Rxe8 23. cxd4 Qb6 24. Kf1 g6 25. Qc4 Qd6 26. g3 Nb6 27. Qb3 Qc6 28. Kg1 Re1+ 29. Bf1 Qc1 30. Qd3 Nd5 31. Kg2 Nb4 32. Qc3 Nxa2 33. Qxc1 Rxc1 34. Be2 Rc7 35. Bd3 Nb4 36. Kf3 Nxd3 37. Rxd3 f6 38. Ke3 Kf7 39. Kd2 Rc6 40. Rc3 Rxc3 41. bxc3 Ke6 42. Kc2 b5 43. Kb3 a5 44. Ka3 Kd5 45. Kb3 1/2-1/2

[Event "GER-ch U25-B"]
[Site "Willingen"]
[Date "2016.05.18"]
[Round "6"]
[White "Ponomarev, Maximilian"]
[Black "Giede, Anna Blume"]
[Result "1/2-1/2"]
[WhiteElo "1353"]
[BlackElo "1500"]
[PlyCount "51"]
[EventDate "2016.05.15"]
[EventType "swiss"]
[EventRounds "9"]
[EventCountry "GER"]
[SourceTitle "CBM 172 Extra"]
[Source "ChessBase"]
[SourceDate "2016.06.21"]
[SourceVersion "1"]
[SourceVersionDate "2016.06.21"]
[SourceQuality "1"]

1. e4 c6 2. d4 d5 3. Nc3 g6 4. Nf3 Bg4 5. Be2 Bg7 6. Be3 Nf6 7. e5 Nfd7 8. h3 Bxf3 9. Bxf3 Nb6 10. b3 e6 11. Qd2 N8d7 12. 0-0 0-0 13. Be2 Rc8 14. Nd1 c5 15. c3 a6 16. Nb2 Rc6 17. Rac1 Qc7 18. f4 f6 19. Rf3 fxe5 20. fxe5 Rxf3 21. Bxf3 c4 22. b4 Nc8 23. Bh6 Ne7 24. Bxg7 Kxg7 25. g4 b5 26. Qg5 1/2-1/2

[Event "GER-ch U25-B"]
[Site "Willingen"]
[Date "2016.05.16"]
[Round "3"]
[White "Reyher, Susan"]
[Black "Ponomarev, Maximilian"]
[Result "1-0"]
[WhiteElo "1593"]
[BlackElo "1353"]
[PlyCount "117"]
[EventDate "2016.05.15"]
[EventType "swiss"]
[EventRounds "9"]
[EventCountry "GER"]
[SourceTitle "CBM 172 Extra"]
[Source "ChessBase"]
[SourceDate "2016.06.21"]
[SourceVersion "1"]
[SourceVersionDate "2016.06.21"]
[SourceQuality "1"]

1. e4 c5 2. Nf3 e6 3. d4 cxd4 4. Nxd4 a6 5. Be3 Qc7 6. Be2 Nf6 7. f3 Bc5 8. Qd2 d6 9. a3 0-0 10. Nc3 b5 11. Nb3 Bxe3 12. Qxe3 Nbd7 13. 0-0 Bb7 14. Kh1 Nc5 15. e5 Nfd7 16. exd6 Qxd6 17. Rad1 Qc7 18. Nd4 Rfc8 19. b4 Na4 20. Nxa4 bxa4 21. c4 Nf6 22. Rc1 Rd8 23. Rfd1 Rd7 24. Rd2 Rad8 25. Rcd1 h6 26. Nc2 Qc6 27. Rxd7 Rxd7 28. Rxd7 Qxd7 29. Nd4 Kf8 30. Qe5 Qd8 31. Bd1 Qc8 32. Qd6+ Kg8 33. c5 Ne8 34. Qe5 Bc6 35. Nxc6 Qxc6 36. Qe4 Qb5 37. Kg1 a5 38. Be2 Qb8 39. b5 Qc7 40. c6 Qb6+ 41. Kf1 Qc7 42. g3 Qb6 43. Qxa4 Nc7 44. Qc4 Nd5 45. Qd3 Qc5 46. Bd1 Qb6 47. Bb3 Nf6 48. a4 Kf8 49. Qd6+ Ke8 50. Ke2 h5 51. h4 Qd8 52. Qc5 Qc7 53. Kf2 Qd8 54. Qc3 Qb6+ 55. Kg2 Qc7 56. Qc5 g6 57. b6 Qc8 58. c7 Nd7 59. Qc6 1-0